[Event "Hatay op 10th"]
[Site "Hatay"]
[Date "2018.09.09"]
[Round "8"]
[White "Aslan, Muhammed Sadik"]
[Black "Altundal, Arda"]
[Result "0-1"]
[WhiteElo "1582"]
[BlackElo "1618"]
[PlyCount "68"]
[EventDate "2018.09.02"]
[EventType "swiss"]
[EventRounds "9"]
[EventCountry "TUR"]
[SourceTitle "CBM 186 Extra"]
[Source "ChessBase"]
[SourceDate "2018.08.24"]
[SourceVersion "1"]
[SourceVersionDate "2018.08.24"]
[SourceQuality "1"]

1. d4 Nf6 2. c4 e6 3. Nf3 d5 4. e3 Be7 5. Nc3 c6 6. Be2 0-0 7. 0-0 Nbd7 8. b3 a6 9. Bb2 b5 10. cxd5 cxd5 11. Rc1 Bb7 12. Bd3 Rc8 13. Bb1 Bd6 14. Qd3 Re8 15. Ne2 Qe7 16. Ng3 Ne4 17. Nd2 Ndf6 18. Ndxe4 dxe4 19. Qe2 Qd7 20. f3 exf3 21. gxf3 Rxc1 22. Rxc1 Rc8 23. Rf1 Nd5 24. Ne4 Be7 25. f4 f5 26. Nd2 Nc3 27. Bxc3 Rxc3 28. h3 Qd5 29. Kh2 Rxe3 30. Qf2 Qxd4 31. Nf3 Bxf3 32. Kg1 Qxf4 33. Re1 Rxe1+ 34. Qxe1 Bc5+ 0-1

[Event "Hatay op 10th"]
[Site "Hatay"]
[Date "2018.09.08"]
[Round "7"]
[White "Aslan, Muhammed Sadik"]
[Black "Coskun, Emre"]
[Result "1-0"]
[WhiteElo "1582"]
[BlackElo "1675"]
[PlyCount "153"]
[EventDate "2018.09.02"]
[EventType "swiss"]
[EventRounds "9"]
[EventCountry "TUR"]
[SourceTitle "CBM 186 Extra"]
[Source "ChessBase"]
[SourceDate "2018.08.24"]
[SourceVersion "1"]
[SourceVersionDate "2018.08.24"]
[SourceQuality "1"]

1. e4 e5 2. Nf3 Nc6 3. Bb5 a6 4. Ba4 Nf6 5. 0-0 Be7 6. Re1 b5 7. Bb3 d6 8. h3 0-0 9. c3 Nb8 10. d4 Nbd7 11. Bg5 Bb7 12. Nbd2 h6 13. Bh4 Re8 14. a4 c5 15. axb5 axb5 16. Qe2 Qb6 17. dxe5 dxe5 18. c4 b4 19. Ba4 Qe6 20. Bg3 Bd6 21. Nh4 g6 22. Qe3 Kh7 23. Nhf3 g5 24. Qd3 Red8 25. Bxd7 Rxd7 26. Rxa8 Bxa8 27. Ra1 Bb7 28. Qc2 Qe7 29. Nh2 Qd8 30. Nhf1 Bc7 31. Ra7 Bb8 32. Ra1 Bc7 33. f3 Nh5 34. Bh2 Nf4 35. Bxf4 gxf4 36. Nb3 Rd6 37. Kh2 Bb6 38. g3 Rd3 39. Kg2 h5 40. Re1 Kh8 41. Re2 Ba6 42. Rd2 Rxd2+ 43. Nbxd2 Qd4 44. b3 Bb7 45. Qa2 Qd7 46. Qa1 f6 47. gxf4 Qg7+ 48. Kf2 exf4 49. Qa4 Qe7 50. Qa1 Kg7 51. Kg2 Qd6 52. Qe1 Qe5 53. Kh2 Bc8 54. Qf2 Kh7 55. Qh4 Qg5 56. Qf2 Qe5 57. Qh4 Kh6 58. Qf2 Bc7 59. Nb1 Bb7 60. Qa2 Bb6 61. Qd2 Bc6 62. Ng3 Kg6 63. Nf5 Bxe4 64. fxe4 Qxe4 65. Nh4+ Kg5 66. Qg2+ Qxg2+ 67. Nxg2 f3 68. h4+ Kg4 69. Ne3+ Kxh4 70. Nd5 Ba7 71. Nd2 Bb8+ 72. Kg1 Kg3 73. Ne4+ Kg4 74. Nexf6+ Kf5 75. Kf2 Be5 76. Nd7 Kg4 77. Nxe5+ 1-0

[Event "Hatay op 10th"]
[Site "Hatay"]
[Date "2018.09.03"]
[Round "2"]
[White "Aslan, Muhammed Sadik"]
[Black "Ekmekci, Selyil"]
[Result "1/2-1/2"]
[WhiteElo "1582"]
[BlackElo "1594"]
[PlyCount "85"]
[EventDate "2018.09.02"]
[EventType "swiss"]
[EventRounds "9"]
[EventCountry "TUR"]
[SourceTitle "CBM 186 Extra"]
[Source "ChessBase"]
[SourceDate "2018.08.24"]
[SourceVersion "1"]
[SourceVersionDate "2018.08.24"]
[SourceQuality "1"]

1. e4 c6 2. d4 d5 3. e5 Bf5 4. Bd3 Bg6 5. f4 e6 6. Nf3 c5 7. c3 Bxd3 8. Qxd3 c4 9. Qc2 g6 10. 0-0 Nh6 11. b3 b5 12. a4 cxb3 13. Qxb3 bxa4 14. Rxa4 Be7 15. Ba3 0-0 16. Qb7 Nd7 17. Bxe7 Qxe7 18. Rxa7 Rxa7 19. Qxa7 Nf5 20. Nbd2 Rc8 21. Rb1 Qe8 22. Rb7 Ra8 23. Rxd7 Rxa7 24. Rxa7 h6 25. Kf2 Qb5 26. g4 Ng7 27. Ra8+ Kh7 28. Ke3 Qb7 29. Ra2 Qe7 30. c4 Qb4 31. c5 Ne8 32. Ra7 Kg7 33. f5 gxf5 34. gxf5 exf5 35. e6 Qc3+ 36. Kf4 Nf6 37. Rxf7+ Kg6 38. Ne5+ Kh5 39. Ndf3 Qc2 40. Rxf6 Qe4+ 41. Kg3 f4+ 42. Kf2 Qe2+ 43. Kxe2 1/2-1/2